Keszegfalva a Tündérkert kapuja

Bibliographic Details
Main Author: Flaska, Katalin (Author)
Format: Article
Language:Hungarian
PhysicalDescription:Fotogr.
ISSN:1335-938X
Subjects:

MARC

LEADER 00000nab a2200000 ar4500
001 vtls009327037
003 SK-MaSNL
005 20260319071043.0
008 080827c2008 xo |||||| | 000 b|hun
015 |a SNBRB2008/08  |2 snkbucl 
038 |a SNKBUCL 
040 |a DSZK  |b slo  |c DSZK  |e AACR2 
041 0 |a hun 
044 |a xo  |c SK 
080 |a 908  |x (437.6)  |2 1997 
100 1 |a Flaska, Katalin  |4 aut  |9 1040782 
245 1 0 |a Keszegfalva a Tündérkert kapuja  |c Flaska Katalin 
300 |b Fotogr. 
651 7 |a Kameničná (Slovensko)  |2 snkbucl  |9 103367 
655 7 |a reportáže  |2 snkbucl  |9 28856 
773 0 |t Új nő  |g Sz. 6 (2008), o. 38-[41]  |x 1335-938X 
852 |a SNK  |b KIS3GCP 
852 |a DSZK  |b KIS3GCP 
958 |a HU 
958 |a SK 
999 |c 1734639  |d 1736569